Statistics for Top 10 most guessed African countries in World Quiz

Click here to take the quiz!

General Stats

  • This quiz has been taken 37 times
  • The average score is 9 of 10

Answer Stats

#% CorrectCountry% Correct
2.87%Egypt
100%
4.71%Niger
94%
1.88%South Africa
94%
6.67%Democratic Republic of the Congo
91%
9.61%Libya
91%
5.70%Morocco
91%
10.61%Nigeria
88%
7.66%Republic of the Congo
81%
864%Sudan
69%
3.77%Madagascar
63%

Score Distribution

Percentile by Number Answered

Percent of People with Each Score

Your Score History

You have not taken this quiz